000 00559nam a2200193Ia 4500
003 0100
008 130303s9999 xx 000 0 und d
040 _cARRUPELIB
050 _aJA71.D271968
245 _aReadings in modern political analysis
260 _aEnglewood Cliffs, N.J.
260 _bPrentice-Hall
260 _C1968
300 _axi
300 _b 424 p.ill. 23 cm
440 _aFoundations of modern political science series
700 _aedited by Robert A. Dahl and Deane E. Neubauer , Dahl, Robert AlanNeabauer, Deane E
942 0 0 _01
999 _c36166
_d36166